Философия Древнего мира (история философии) (Запис № 310288)

МАРК-запис
000 -Лідер
fixed length control field 00766nam a22002657a 4500
001 - Контрольний номер
control field 24025
003 - Ідентифікатор контрольного номера
control field UA-OsUOA
005 - Дата та час останнього входження (трансакції)
control field 20230504161212.0
007 - Фіксоване поле фізичного опису
fixed length control field ta
008 - Елементи даних фіксованої довжини – загальна інформація
fixed length control field 20040205b un ||||| |||| 00| 0 ukr d
020 ## - Міжнародний стандартний книжковий номер (ISBN)
Міжнародний стандартний книжковий номер (ISBN) (НП) 5060045919
040 ## - Джерело каталогізації
Агенція оригінальної каталогізації UA-OsUOA
Мова каталогізації rus
Агенція, яка здійснювала перезапис UA-OsUOA
Агенція, яка здійснювала модифікацію UA-OsUOA
041 ## - Код мови
Код мови тексту/ звукової доріжки чи окремого заголовка (П) rus
044 ## - Код країни видавця/ виробника
Код країни видавця/ виробника (П) RU
080 ## - Індекс Універсальної десяткової класифікації
Індекс Універсальної десяткової класифікації (УДК) (НП) 1(091)"65"
090 ## - Локальний шифр розміщення
Класифікаційний індекс УДК 1(091)"65"
Авторський знак (НП) Ч-18
100 ## - Основне введення – ім’я особи
Ім’я особи (НП) Чанышев А. Н.
245 ## - Відомості про назву
Назва (НП) Философия Древнего мира (история философии)
Решта назви (НП) учебник для вузов
260 ## - Публікація, розповсюдження і т.п. (Вихідні дані)
Місце публікації, розповсюдження і т.п. (П) Москва
Ім’я/ наймення видавництва, розповсюджувача і т.п. (П) Высшая школа
Дата публікації, розповсюдження і т.п. (П) 2003
300 ## - Фізичний опис
Обсяг 703 с.
650 #7 - Додаткове предметне введення – тематичний термін
Джерело заголовка чи терміна UDC
942 ## - Додаткові елементи входу (Коха)
Тип елемента Koha Книги
Source of classification or shelving scheme Universal Decimal Classification
955 ## - Код типу видання за змістом
Код типу видання за змістом (НП) Навчальні видання
Фонди
Стан вилучень Стан втрат Джерело класифікації або схеми стелажів Стан уражень Не для кредиту Постійне місце розташування Поточне розміщення Дата придбання Вартість, звичайна ціна покупки Інвентарний номер Усього замовленно Штрих-код Дата останнього перегляду Ціна ефективна від Тип елемента Koha Усього утримується Повний номер виклику
Withdrawn   Universal Decimal Classification   Not For Loan АБ - Абонемент НБ АБ - Абонемент НБ 31/03/2004 31.72 78292   78292 13/07/2019 05/02/2004 Книги 1 1(091)"65" Ч-18
    Universal Decimal Classification     АБ - Абонемент НБ АБ - Абонемент НБ 31/03/2004 31.72 78293   78293 26/10/2021 05/02/2004 Книги    
    Universal Decimal Classification     АБ - Абонемент НБ АБ - Абонемент НБ 31/03/2004 31.72 78294   78294 26/10/2021 05/02/2004 Книги    
Withdrawn   Universal Decimal Classification   Not For Loan АБ - Абонемент НБ АБ - Абонемент НБ 31/03/2004 31.72 78295   78295 13/07/2019 05/02/2004 Книги 1 1(091)"65" Ч-18
    Universal Decimal Classification     ЧЗ - Читальна зала ЧЗ - Читальна зала 05/02/2004 31.72 77261   77261 09/02/2022 05/02/2004 Книги    
    Universal Decimal Classification     ЧЗ - Читальна зала ЧЗ - Читальна зала 05/02/2004 31.72 77262   77262 30/09/2021 05/02/2004 Книги    
    Universal Decimal Classification     ЧЗ - Читальна зала ЧЗ - Читальна зала 05/02/2004 31.72 77263   77263 09/02/2022 05/02/2004 Книги    
    Universal Decimal Classification     ЧЗ - Читальна зала ЧЗ - Читальна зала 05/02/2004 31.72 77264   77264 09/02/2022 05/02/2004 Книги    
    Universal Decimal Classification     ЧЗ - Читальна зала ЧЗ - Читальна зала 05/02/2004 31.72 77265   77265 09/02/2022 05/02/2004 Книги    
    Universal Decimal Classification     ЧЗ - Читальна зала ЧЗ - Читальна зала 01/03/2004 31.72 77954   77954 09/02/2022 05/02/2004 Книги